Datum a čas kvízu
20
Celkem bodů
Celkový počet nahraných bodů na tomto kvízu bez doplňovacích otázek.
8.
Pořadí na kvízu
Konečné umístění týmu na tomto kvízu.
Zaznamenané odpovědi
| # | Otázka | Odpověď | Body | Výsledky |
|---|---|---|---|---|
| 1. | „Pro ___. Ne pro ___." Doplňte... | vás; politiky | 0.5 | |
| 2. | Na internetu se minulý týden o... | A | 1 | |
| 3. | Napište jméno skotského herce... | Iain Glen; Hra o trůny | 0.5 | |
| 4. | Média minulý týden informovala... | z Lisabonu | 1 | |
| 5. | 41letý americký basketbalista... | LeBron James | 1 | |
| 6. | Hned v úvodu bod rozdělíme: za... | Ulánbátar; Altaj | 0 | |
| 7. | Mongolština může být zapisován... | cyrilice (azbuka) | 1 | |
| 8. | Jak se jmenuje hudební skupina... | The Hu | 0 | |
| 9. | Které náboženství je v Mongols... | buddhismus (lamaismus) | 1 | |
| 10. | Jak se jmenuje česká spisovate... | Petra Hůlová | 0 |